000 00516nam a2200145 4500
999 _c5798
_d5798
008 150916b xxu||||| |||| 00| 0 eng d
020 _a 053865208X
050 _aQH 308.7.L46 1998
100 _aLeonard, William H.
245 _aBiology :
_c William H.Leonard and John E. Penick
_bA community context/
260 _aBoston :
_bSouth-Western educational publishing,
_c1998.
300 _axv, 576 p. :
_bill. (chiefly col.);
_c26 cm.
504 _aIncludes index.
650 _aBiology.
700 _aPenick, John E.
942 _2lcc
_cBOOKS
_hQH 308.7 .L46 1998